[Event "BAN-ch (Women) 35th"]
[Site "Dhaka"]
[Date "2015.10.12"]
[Round "11"]
[White "Sultana, Sharmin Shirin"]
[Black "Sraboni, Fatema Tuz Zohara"]
[Result "1-0"]
[WhiteElo "2026"]
[BlackElo "1732"]
[PlyCount "54"]
[EventDate "2015.10.01"]
[EventType "tourn"]
[EventRounds "11"]
[EventCountry "BAN"]
[SourceTitle "CBM 169 Extra"]
[Source "ChessBase"]
[SourceDate "2015.12.18"]
[SourceVersion "1"]
[SourceVersionDate "2015.12.18"]
[SourceQuality "1"]

1. d4 d5 2. Nf3 e6 3. Bg5 Nf6 4. e3 Be7 5. c4 h6 6. Bh4 c6 7. Nbd2 0-0 8. Bd3 dxc4 9. Bxc4 Nd5 10. Bg3 Nd7 11. 0-0 N7b6 12. Bb3 Bd6 13. Ne5 f6 14. Ng6 Rf7 15. Ne4 Bxg3 16. Nxg3 Ne7 17. Qh5 Nbd5 18. Rad1 Bd7 19. Nxe7+ Nxe7 20. e4 Rf8 21. Qg4 Qc8 22. Nf5 Nxf5 23. exf5 Kh8 24. fxe6 Be8 25. e7 Rg8 26. Qxc8 Rxc8 27. Bxg8 Kxg8 1-0

[Event "BAN-ch (Women) 35th"]
[Site "Dhaka"]
[Date "2015.10.10"]
[Round "9"]
[White "Khan, Nazrana"]
[Black "Sraboni, Fatema Tuz Zohara"]
[Result "1-0"]
[WhiteElo "2008"]
[BlackElo "1732"]
[PlyCount "81"]
[EventDate "2015.10.01"]
[EventType "tourn"]
[EventRounds "11"]
[EventCountry "BAN"]
[SourceTitle "CBM 169 Extra"]
[Source "ChessBase"]
[SourceDate "2015.12.18"]
[SourceVersion "1"]
[SourceVersionDate "2015.12.18"]
[SourceQuality "1"]

1. d4 d5 2. c4 e6 3. Nf3 Nf6 4. Nc3 Bb4 5. cxd5 exd5 6. Bg5 Be7 7. e3 c6 8. Bd3 0-0 9. 0-0 Ne4 10. Bxe7 Qxe7 11. Rc1 f5 12. Ne5 Nd7 13. f4 Rf6 14. Qc2 Rh6 15. Rf3 Ndf6 16. a3 Ng4 17. Nxd5 Qd8 18. Nc3 Nd6 19. h3 Qh4 20. Rcf1 Be6 21. Qe2 Kf8 22. Qe1 Ne4 23. Qxh4 Rxh4 24. Nxe4 fxe4 25. Bxe4 Nf6 26. Bb1 Rd8 27. Rc1 Rd5 28. Ba2 Rd6 29. Bxe6 Rxe6 30. g4 Ne4 31. Rc2 Ke7 32. Kg2 a6 33. Rf1 Rhh6 34. g5 Rh5 35. Kf3 Nxg5+ 36. fxg5 Rxh3+ 37. Ke4 Kd6 38. Rf7 Rh4+ 39. Kd3 Re7 40. Rcf2 g6 41. R2f6+ 1-0

[Event "BAN-ch (Women) 35th"]
[Site "Dhaka"]
[Date "2015.10.08"]
[Round "7"]
[White "Khondoker, Sumaiya"]
[Black "Sraboni, Fatema Tuz Zohara"]
[Result "0-1"]
[WhiteElo "1696"]
[BlackElo "1732"]
[PlyCount "126"]
[EventDate "2015.10.01"]
[EventType "tourn"]
[EventRounds "11"]
[EventCountry "BAN"]
[SourceTitle "CBM 169 Extra"]
[Source "ChessBase"]
[SourceDate "2015.12.18"]
[SourceVersion "1"]
[SourceVersionDate "2015.12.18"]
[SourceQuality "1"]

1. e4 e5 2. Nf3 d6 3. Bc4 Be7 4. d3 Nc6 5. Be3 Nf6 6. Nbd2 d5 7. exd5 Nxd5 8. Bb5 Bd6 9. Ne4 0-0 10. Bc5 Bxc5 11. Nxc5 Qd6 12. Bxc6 Qxc6 13. Nb3 Nf4 14. g3 Nh3 15. Rf1 Bg4 16. Nxe5 Bxd1 17. Nxc6 Bf3 18. Ne7+ Kh8 19. Kd2 Rfe8 20. Nd4 Ng5 21. Nef5 c5 22. Nb3 Bg2 23. Rfd1 Nf3+ 24. Kc3 Nxh2 25. Re1 Red8 26. Re7 Bd5 27. Rae1 Be6 28. Nh4 g5 29. Ng2 Rac8 30. a3 c4 31. Nd4 cxd3+ 32. Kxd3 Bf5+ 33. R7e4 Nf3 34. Ke3 Bxe4 35. Nxf3 Re8 36. Ke2 g4 37. Ne3 Bxf3+ 38. Kd2 b5 39. c3 Re6 40. Kc1 Rh6 41. Nf5 Rh1 42. Rxh1 Bxh1 43. Nd6 Rc7 44. Nxb5 Re7 45. Nd4 Re1+ 46. Kd2 Rb1 47. b3 Kg8 48. c4 Kf8 49. b4 Ke8 50. b5 Ra1 51. Nc2 Ra2 52. Kd3 Be4+ 53. Kxe4 Rxc2 54. Kd5 Kd7 55. a4 Rxf2 56. a5 Kc7 57. c5 Rf6 58. a6 h5 59. c6 h4 60. gxh4 g3 61. Kc5 Rf5+ 62. Kb4 g2 63. b6+ Kxb6 0-1

[Event "BAN-ch (Women) 35th"]
[Site "Dhaka"]
[Date "2015.10.06"]
[Round "6"]
[White "Sraboni, Fatema Tuz Zohara"]
[Black "Shamima, Akter Liza"]
[Result "0-1"]
[WhiteElo "1732"]
[BlackElo "2162"]
[PlyCount "88"]
[EventDate "2015.10.01"]
[EventType "tourn"]
[EventRounds "11"]
[EventCountry "BAN"]
[SourceTitle "CBM 169 Extra"]
[Source "ChessBase"]
[SourceDate "2015.12.18"]
[SourceVersion "1"]
[SourceVersionDate "2015.12.18"]
[SourceQuality "1"]

1. e4 c5 2. Nf3 e6 3. d4 cxd4 4. Nxd4 a6 5. Nc3 Qc7 6. Bd3 Nf6 7. 0-0 Nc6 8. Nf3 Bc5 9. h3 h5 10. Be3 Be7 11. Qd2 b5 12. Ne2 Bb7 13. c4 bxc4 14. Bxc4 Nxe4 15. Qc1 Rc8 16. Bd3 Nf6 17. a3 Ne5 18. Qxc7 Nxf3+ 19. gxf3 Rxc7 20. Rac1 Rxc1 21. Rxc1 Nd5 22. Be4 0-0 23. Bd2 Bf6 24. Kg2 Bc6 25. Nc3 Ne7 26. b4 Rc8 27. a4 Bxc3 28. Rxc3 Bxa4 29. Rxc8+ Nxc8 30. Bb7 Nd6 31. Bxa6 e5 32. Kf1 Bb5+ 33. Bxb5 Nxb5 34. Ke2 d5 35. Kd3 Kf8 36. Bc3 f6 37. Bb2 Ke7 38. Ke3 Ke6 39. Bc1 d4+ 40. Kd3 Kd5 41. Bd2 f5 42. Bc1 e4+ 43. fxe4+ fxe4+ 44. Kd2 Kc4 0-1